000 00682cam a2200145 4500500
005 20260208002442.0
041 _afre
042 _adc
100 1 0 _aMasset, Claude
_eauthor
245 0 0 _aNalini Balbir & Georges-Jean Pinault, eds, Penser, dire et représenter l’animal dans le monde indien, Paris, Librairie Honoré Champion, 2009, 927 p., ill., index (« Bibliothèque de l’École des hautes études, Sciences historiques et philologiques » 345)
260 _c2011.
500 _a43
786 0 _nL'Homme | 198-199 | 2 | 2011-07-01 | p. 367ze-460ze | 0439-4216
856 4 1 _uhttps://shs.cairn.info/revue-l-homme-2011-2-page-367ze?lang=fr&redirect-ssocas=7080
999 _c1646427
_d1646427